000 00849nmc a2200325 a 4500
003 AR-BaBNM
005 20251128210828.0
008 031020s1998 ||||||||||||||000 | spa||
020 _a987-9065-58-1
040 _cAR-BaBNM
100 1 _aMairowitz, David Zane
245 1 0 _aCamus para principiantes
260 _aBuenos Aires
_bErrepar
_c1998
300 0 _a175 p.
_bil.
490 0 _aPara principiantes
_vv. 37
600 1 4 _aCamus, Albert
650 4 _aLITERATURA FRANCESA
650 4 _aESCRITORES
650 4 _aBIOGRAFIAS
650 4 _aDIVULGACION
650 4 _aLITERATURA CONTEMPORANEA
650 4 _aEXISTENCIALISMO
653 0 _aHISTORIETAS
655 _aBIOGRAFIAS
700 1 _aKorkos, Alain
_eilustrador
700 0 _aWolfson
_eilustrador
800 1 _aKreimer, Juan Carlos
_edirector
942 _cBK
998 _cMARTIN
999 _c17100
_d17100